00242nam a2200097Ia 4500008004100000100000900041245005200050260002600102300000800128650000800136191201s2019 xx 000 0 und d aICSI 0aExecutive Programme General and Commercial Laws aN. DelhibICSIc29696 a397 aMBA